000
00304nam a22001217a 4500
008
180519b xxu||||| |||| 00| 0 eng d
041
_a
eng
080
_a
043.3
100
_a
0
101
_a
SHKI-BA
245
_a
Queries Optimization for Enterprise Database - MS SQL 2008 R2
_c
Popaj, F
942
_2
udc
_c
BK
999
_c
46023
_d
46023